| 000 | 00543nam a22001457a 4500 | ||
|---|---|---|---|
| 005 | 20140106125456.0 | ||
| 008 | 140106b xxu||||| |||| 00| 0 eng d | ||
| 050 |
_aBX961. _bH6 2000 |
||
| 100 |
_aCentral Committee for Jubilee 2000 _96518 |
||
| 110 |
_aCentral Committee for Jubilee 2000 _96518 |
||
| 245 |
_aThe Father of our Lord Jesus Christ _bPastoral-Missionary Study Aid for the Year 1999 _cCentral Committee for Jubilee 2000 |
||
| 260 |
_aNairobi _bPaulines Publications Africa _c1999 |
||
| 300 |
_a80p.; _c 21cm. |
||
| 942 |
_2lcc _cMONOGRAPH |
||
| 999 |
_c119513 _d119513 |
||